| 000 | 00370nam a22001337a 4500 | ||
|---|---|---|---|
| 008 | 230627b |||||||| |||| 00| 0 eng d | ||
| 020 | _a9788172337452 | ||
| 082 | _a025.00285 | ||
| 100 | _aSWAIN,N.K. and others | ||
| 245 | _aParadigm Shift in Technological Advancement in Librarianship | ||
| 260 |
_aJodhpur _bScientific Pub. _c2011 |
||
| 300 | _a507p | ||
| 942 |
_2ddc _cBK |
||
| 999 |
_c3130 _d3130 |
||